| 000 | 00644cam a22002411 4500 | ||
|---|---|---|---|
| 001 | sa 64000094 | ||
| 003 | DLC | ||
| 005 | 20260227111953.0 | ||
| 008 | 940920s1962 ii 000 0 maro | ||
| 010 | _asa 64000094 | ||
| 025 | _aPL480:I-Mar-371 | ||
| 035 | _a(OCoLC)31145888 | ||
| 040 |
_aDLC _cCU _dCU _dNSyU _dDLC |
||
| 042 | _apremarc | ||
| 050 | 0 | 0 |
_aPK2418.J39 _bK3 |
| 100 | 1 | _aJayavanta, Prabhākara. | |
| 245 | 1 | 0 |
_aKākājī, _c[lekhaka] Prabhākara Jayavanta. |
| 250 | _a[Prathamāvr̥tti] | ||
| 260 |
_aMumbaī, _bRāmakr̥shna Buka Ḍepo, _c[1962] |
||
| 300 |
_a29 p. _c19 cm. |
||
| 500 | _aIn Marathi. | ||
| 500 | _aA play. | ||
| 999 |
_c56011 _d56011 |
||